000 00522nam a2200157 i 4500
001 149239
003 ES-MaACL
005 20230906203017.0
007 t|
008 071019s1961 sp ||||1| spa d
100 1 _aVelasco Collazo, José A.
_9113749
245 1 0 _aDisexocrinosis congénita familiar a propósito de 60 observaciones de fibrosis quística de páncreas /
_cJosé A. Velasco Collazo.
260 _aMadrid :
_bSandoz,
_c1961.
300 _a178 p. :
_bil. ;
_c21 cm.
852 _aES-MaACL
_jC-21297
_bR.49243
999 _c149239
_d149239